|
|
|
|
| LEADER |
00000nam0a2200000 4500 |
| 001 |
260580 |
| 005 |
20231220125921.0 |
| 035 |
|
|
|a (RuTPU)RU\TPU\book\283533
|
| 090 |
|
|
|a 260580
|
| 100 |
|
|
|a 20140516d2014 m y0rusy50 ca
|
| 101 |
0 |
|
|a rus
|
| 102 |
|
|
|a RU
|
| 105 |
|
|
|a a j 001zy
|
| 200 |
1 |
|
|a Лабораторный практикум по информационным технологиям
|e учебное пособие
|f Национальный исследовательский Томский политехнический университет (ТПУ) ; сост. Т. Е. Мамонова
|
| 210 |
|
|
|a Томск
|c Изд-во ТПУ
|d 2014
|
| 215 |
|
|
|a 177 с.
|c ил.
|
| 320 |
|
|
|a Библиогр.: с. 171.
|
| 330 |
|
|
|a В пособии в краткой форме изложены практические вопросы по дисциплине «Информационные технологии», где выделены основные положения по работе в математических пакетах MathCAD и MatLab, а также приложений Simulink и Symbolic Math пакета MatLab. По каждой теме представлено большое количество тренировочных задач, включен справочный материал. Предназначено для студентов, обучающихся по направлениям 15.03.04 «Автоматизация технологических процессов и производств» (профиль «Автоматизация технилогических процессов и производств (в нефтегазовой отрасли)») и 15.03.06 «Мехатроника и робототехника» (профиль «Мехатроника»).
|
| 606 |
1 |
|
|a Информационные технологии
|x Вычислительная техника
|2 stltpush
|3 (RuTPU)RU\TPU\subj\36205
|9 57667
|
| 610 |
1 |
|
|a математические пакеты
|
| 610 |
1 |
|
|a MathCAD
|
| 610 |
1 |
|
|a MatLab
|
| 610 |
1 |
|
|a Simulink
|
| 610 |
1 |
|
|a Symbolic Math
|
| 610 |
1 |
|
|a тренировочные задачи
|
| 610 |
1 |
|
|a лабораторные работы
|
| 610 |
1 |
|
|a практикумы
|
| 610 |
1 |
|
|a учебные пособия
|
| 610 |
1 |
|
|a труды учёных ТПУ
|
| 675 |
|
|
|a 004(076.5)
|v 4
|
| 702 |
|
1 |
|a Мамонова
|b Т. Е.
|c специалист в области информатики и вычислительной техники
|c доцент Томского политехнического университета, кандидат технических наук
|f 1983-
|g Татьяна Егоровна
|3 (RuTPU)RU\TPU\pers\29661
|4 220
|9 14174
|
| 712 |
0 |
2 |
|a Национальный исследовательский Томский политехнический университет (ТПУ)
|c (2009- )
|3 (RuTPU)RU\TPU\col\15902
|
| 801 |
|
1 |
|a RU
|b 63413507
|c 20140516
|
| 801 |
|
2 |
|a RU
|b 63413507
|c 20140523
|g RCR
|
| 942 |
|
|
|c BK
|